[Event "USCL Week 5"]
[Site "Internet Chess Club"]
[Date "2011.09.26"]
[Round "?"]
[White "Esserman, Marc"]
[Black "Vigorito, David"]
[Result "1/2-1/2"]
[WhiteElo "2554"]
[BlackElo "2547"]
[PlyCount "55"]
[EventDate "2011.??.??"]

1. c4 g6 2. d4 Bg7 3. Nc3 d6 4. Nf3 Nf6 5. g3 O-O 6. Bg2 Nc6 7. O-O a6 8. h3
Bd7 9. e4 e5 10. d5 Nd4 11. Be3 Nxf3+ 12. Qxf3 Qc8 13. Bg5 Nh5 14. Kh2 Qe8 15.
Qd3 f5 16. c5 f4 17. c6 bxc6 18. dxc6 Bxc6 19. g4 Bf6 20. Bh6 Ng7 21. Rac1 Rf7
22. Nd5 Bd8 23. Bxg7 Kxg7 24. Rfd1 a5 25. Bf3 Bb5 26. Qd2 c6 27. Nc3 Bb6 28.
Nxb5 1/2-1/2

[Event "USCL Week 5"]
[Site "Internet Chess Club"]
[Date "2011.09.26"]
[Round "?"]
[White "Shankland, Sam"]
[Black "Sammour-Hasbun, Jorge"]
[Result "1-0"]
[WhiteElo "2624"]
[BlackElo "2604"]
[PlyCount "99"]
[EventDate "2011.??.??"]

1. d4 Nf6 2. c4 c5 3. d5 b5 4. cxb5 a6 5. bxa6 g6 6. Nc3 Bxa6 7. Nf3 Bg7 8. g3
d6 9. Bg2 Nbd7 10. Rb1 Nb6 11. b3 Bc8 12. Nh4 h6 13. Qc2 Qd7 14. O-O g5 15. Nf3
Qf5 16. e4 Qg6 17. Bb2 O-O 18. Rfd1 Bg4 19. h3 Bd7 20. Qe2 Rfe8 21. a4 e6 22.
dxe6 Rxe6 23. Qf1 Bc6 24. Nd2 Nfd7 25. Nd5 Bxb2 26. Rxb2 Bxd5 27. exd5 Ree8 28.
Qb5 Red8 29. a5 Nc8 30. Nc4 Rb8 31. Qc6 Qf6 32. Qc7 Ra8 33. Re2 Ra7 34. Qc6 Nb8
35. Qb5 Na6 36. Rde1 Nc7 37. Qc6 Kg7 38. Re3 Na6 39. Rf3 Qd4 40. Ne3 Ne7 41.
Qb6 Rdd7 42. Rd1 Qe5 43. Bf1 Nb4 44. Nc4 Qe4 45. Re3 Qc2 46. Nxd6 Qxd1 47. Ne8+
Kh7 48. Qf6 Qd4 49. Qxf7+ Kh8 50. Nf6 1-0

[Event "USCL Week 5"]
[Site "Internet Chess Club"]
[Date "2011.09.26"]
[Round "?"]
[White "Cherniack, Alex"]
[Black "Martirosov, Vadim"]
[Result "1-0"]
[WhiteElo "2319"]
[BlackElo "2329"]
[PlyCount "67"]
[EventDate "2011.??.??"]

1. e4 e5 2. Nf3 Nc6 3. Bb5 Nf6 4. O-O Nxe4 5. d4 Be7 6. dxe5 O-O 7. Qd5 Nc5 8.
Be3 d6 9. Bxc5 dxc5 10. Bxc6 bxc6 11. Qxc6 Rb8 12. Nc3 Bb7 13. Qa4 Bxf3 14.
gxf3 Rb4 15. Qc6 Rh4 16. Rad1 Qc8 17. Rd7 Rh6 18. Qxc7 Qa6 19. Ne4 Rg6+ 20. Ng3
Bg5 21. Qxc5 Qxa2 22. b3 Qb2 23. Rfd1 h5 24. R1d6 Qc1+ 25. Kg2 h4 26. Rxg6 fxg6
27. Qc7 Bh6 28. Qc4+ Kh7 29. Qxh4 Qxc2 30. Qc4 Qxc4 31. bxc4 Re8 32. Rxa7 Rxe5
33. Ne4 Bf4 34. Nf6+ 1-0

[Event "USCL Week 5"]
[Site "Internet Chess Club"]
[Date "2011.09.26"]
[Round "?"]
[White "Krasik, Ilya"]
[Black "Goldberg, Ben"]
[Result "0-1"]
[WhiteElo "2264"]
[BlackElo "2230"]
[PlyCount "104"]
[EventDate "2011.??.??"]

1. d4 Nf6 2. c4 g6 3. Nc3 d5 4. Nf3 Bg7 5. Qa4+ Bd7 6. Qb3 dxc4 7. Qxc4 O-O 8.
Bf4 c6 9. e4 b5 10. Qb3 a5 11. e5 Be6 12. exf6 Bxb3 13. fxg7 Kxg7 14. axb3 Na6
15. Be2 Nb4 16. O-O Qd7 17. Rac1 Qe6 18. d5 Nxd5 19. Nxd5 Qxd5 20. Rfd1 Qe4 21.
Be3 Rfd8 22. Nd4 Rac8 23. Bf3 Qh4 24. Rc5 h6 25. g3 Qf6 26. Bf4 Kh7 27. Be5
Qxf3 28. Nxf3 Rxd1+ 29. Kg2 f6 30. Bc3 b4 31. Bd2 e5 32. Be3 Rd5 33. Rc4 c5 34.
Kf1 Kg7 35. Nd2 f5 36. Ke2 g5 37. f3 Kg6 38. g4 fxg4 39. fxg4 h5 40. Ne4 hxg4
41. Nxg5 Rh8 42. Ne4 Rxh2+ 43. Nf2 Kf5 44. Ke1 g3 45. Ne4 g2 46. Kf2 Rd3 47.
Ng3+ Ke6 48. Rc1 Rxb3 49. Bxc5 Rxb2+ 50. Kg1 Rh8 51. Bf2 a4 52. Ne4 Rh1+ 0-1

[Event "USCL Week 5"]
[Site "Internet Chess Club"]
[Date "2011.09.26"]
[Round "?"]
[White "Rodriguez, Eric"]
[Black "Altounian, Levon"]
[Result "0-1"]
[WhiteElo "2397"]
[BlackElo "2483"]
[PlyCount "48"]
[EventDate "2011.??.??"]

1. d4 e6 2. c4 Bb4+ 3. Nc3 f5 4. e3 Nf6 5. Bd3 Bxc3+ 6. bxc3 d6 7. Ne2 O-O 8.
O-O c5 9. f3 e5 10. Bd2 Nc6 11. Qb1 g6 12. Be1 Qe7 13. Bh4 h6 14. a4 b6 15. Ra2
Na5 16. Rb2 Bd7 17. Nc1 Bxa4 18. Ra2 Bd7 19. Kh1 e4 20. Be2 g5 21. Bg3 exf3 22.
Bxf3 Ne4 23. Rxa5 bxa5 24. Qa2 a4 0-1

[Event "USCL Week 5"]
[Site "Internet Chess Club"]
[Date "2011.09.26"]
[Round "?"]
[White "Jones, Craig"]
[Black "Wu, Christopher"]
[Result "1/2-1/2"]
[WhiteElo "2305"]
[BlackElo "2151"]
[PlyCount "125"]
[EventDate "2011.??.??"]

1. g3 d5 2. Bg2 e5 3. c4 c6 4. cxd5 cxd5 5. Qb3 Nf6 6. Nc3 e4 7. f3 Na6 8. fxe4
Nc5 9. Qc2 d4 10. Nd5 d3 11. Qc3 Be6 12. Nxf6+ gxf6 13. b4 Na6 14. a3 dxe2 15.
Bb2 Bh6 16. Nxe2 Rf8 17. Nf4 Rg8 18. O-O Bxf4 19. Rxf4 Rc8 20. Qe3 Rc2 21. Bc3
Nc7 22. Bf1 Rg6 23. Bd3 Ra2 24. Rxa2 Bxa2 25. Rh4 Kf8 26. e5 f5 27. Rxh7 Kg8
28. Rh5 Nd5 29. Qd4 Rg4 30. Qc5 Nxc3 31. dxc3 Bb1 32. Qd6 Qe8 33. Qh6 Qxe5 34.
Rxf5 Qe1+ 35. Rf1 Rxg3+ 36. hxg3 Qxg3+ 37. Kh1 Bxd3 38. Rf4 Be4+ 39. Rxe4 Qf3+
40. Kh2 Qxe4 41. Qf6 Qg6 42. Qd8+ Kh7 43. Qc7 Qh5+ 44. Kg3 Qg5+ 45. Kf3 Qd5+
46. Ke3 Kg6 47. c4 Qc6 48. Qg3+ Kf6 49. Qf4+ Ke7 50. c5 Qe6+ 51. Kd3 Qb3+ 52.
Kd4 Qb2+ 53. Kc4 Qc2+ 54. Kb5 Qd3+ 55. Ka4 Qa6+ 56. Kb3 Qd3+ 57. Kb2 Qe2+ 58.
Kc3 Qe1+ 59. Kc2 Qe2+ 60. Kc3 Qe1+ 61. Kd4 Qa1+ 62. Kc4 Qa2+ 63. Kb5 1/2-1/2

[Event "USCL Week 5"]
[Site "Internet Chess Club"]
[Date "2011.09.26"]
[Round "?"]
[White "Shen, Arthur"]
[Black "Simpson, Ron"]
[Result "1/2-1/2"]
[WhiteElo "2291"]
[BlackElo "2317"]
[PlyCount "149"]
[EventDate "2011.??.??"]

1. e4 c5 2. Nf3 d6 3. d4 cxd4 4. Nxd4 Nf6 5. Nc3 g6 6. h3 Bg7 7. g4 Nc6 8. Nde2
Be6 9. Bg2 Bc4 10. Be3 Rc8 11. O-O O-O 12. Re1 Qa5 13. f4 Rfd8 14. a3 d5 15. e5
Ne4 16. Nxe4 dxe4 17. Qc1 Bxe2 18. Rxe2 g5 19. Bxe4 gxf4 20. Bxf4 Nd4 21. Rf2
Bxe5 22. Bxe5 Qxe5 23. Qe3 Kg7 24. Raf1 f6 25. c3 Nb3 26. Rf5 Qe6 27. Rh5 Kf8
28. Rxh7 Qb6 29. Qxb6 axb6 30. Bxb7 Rb8 31. Re1 Nc5 32. Bg2 e5 33. Rf1 Kg8 34.
Ra7 Rd6 35. c4 Nd3 36. Bd5+ Kh8 37. Rf5 Nf4 38. Rf7 b5 39. b4 bxc4 40. Bxc4 Rc8
41. Bf1 Rc1 42. R7xf6 Rdd1 43. Rxf4 exf4 44. Rxf4 Rc3 45. a4 Rxh3 46. a5 Ra1
47. Kg2 Rb3 48. a6 Ra2+ 49. Kg1 Rb1 50. b5 Kg7 51. Rf2 Ra4 52. Kh2 Raa1 53. Kg2
Kh6 54. Bc4 Kg5 55. Be2 Rb2 56. Rf5+ Kg6 57. Kf2 Raa2 58. Re5 Kf6 59. Re4 Rxb5
60. Kf3 Rbb2 61. Re3 Rxe2 62. Rxe2 Rxa6 63. Kg3 Kg6 64. Kh4 Rb6 65. Rc2 Ra6 66.
Rc5 Rb6 67. Rg5+ Kh6 68. Rh5+ Kg6 69. Rc5 Ra6 70. Rc4 Rb6 71. Kg3 Ra6 72. Kf4
Rf6+ 73. Ke5 Rf1 74. Re4 Kg5 75. Ke6 1/2-1/2

[Event "USCL Week 5"]
[Site "Internet Chess Club"]
[Date "2011.09.26"]
[Round "?"]
[White "Korley, Kassa"]
[Black "Hansen, Carsten"]
[Result "1-0"]
[WhiteElo "2368"]
[BlackElo "2318"]
[PlyCount "167"]
[EventDate "2011.??.??"]

1. Nf3 d6 2. d4 Bg4 3. e4 Nf6 4. Nc3 e6 5. h3 Bh5 6. Bd3 Be7 7. Be3 Bg6 8. O-O
O-O 9. Re1 c6 10. a4 d5 11. e5 Nfd7 12. Ne2 c5 13. c3 Nc6 14. Bxg6 hxg6 15. Nf4
cxd4 16. Bxd4 Qc7 17. h4 Rfc8 18. g3 Nxd4 19. cxd4 Qc2 20. Qd3 Rc4 21. Qxc2
Rxc2 22. Nd3 Rac8 23. Rec1 Nb8 24. Rxc2 Rxc2 25. Rc1 Rxc1+ 26. Nxc1 Nc6 27. Kf1
Kf8 28. Ke2 Ke8 29. Nd3 Kd7 30. Kd2 Kc7 31. Kc3 a5 32. Nf4 Kd7 33. Nh3 Bb4+ 34.
Kd3 Ke7 35. Nhg1 Nb8 36. Ne2 Nd7 37. b3 Nb8 38. Nf4 Nc6 39. Kc2 Ke8 40. Nd3 Be7
41. Nf4 Bb4 42. Ne2 Ke7 43. Nf4 Ke8 44. Kd3 Ke7 45. Ng2 Ke8 46. Ng5 Be7 47. Nh3
Ba3 48. Ne1 Bb4 49. Nc2 Be7 50. Ne3 Ba3 51. Ng1 Be7 52. f4 Kd7 53. Nf3 Nb4+ 54.
Kd2 Nc6 55. Kc3 Bb4+ 56. Kd3 Be7 57. g4 Nb4+ 58. Kd2 Nc6 59. Kc3 Ba3 60. Kd2
Bb4+ 61. Kd3 Ba3 62. Kd2 Bb4+ 63. Kc2 Ba3 64. f5 gxf5 65. gxf5 exf5 66. Nxf5 g6
67. Ne3 Ne7 68. Ng5 Ke8 69. Nh7 Kd7 70. Nf6+ Kc6 71. Nh7 Kd7 72. Nf6+ Kc6 73.
Nfg4 Kd7 74. Nh6 Ke6 75. Ng2 f5 76. Nf4+ Kd7 77. Nf7 Bb4 78. Nh8 Nc6 79. Kd3
Bf8 80. Nhxg6 Nb4+ 81. Kc3 Bh6 82. e6+ Kd6 83. e7 Kd7 84. Nh5 1-0

[Event "USCL Week 5"]
[Site "Internet Chess Club"]
[Date "2011.09.26"]
[Round "?"]
[White "Ginsburg, Mark"]
[Black "Hernandez, Alberto"]
[Result "1/2-1/2"]
[WhiteElo "2435"]
[BlackElo "2321"]
[PlyCount "103"]
[EventDate "2011.??.??"]

1. e4 c5 2. Nf3 a6 3. c3 e6 4. d4 d5 5. exd5 exd5 6. Bd3 c4 7. Bc2 Bg4 8. Qe2+
Be7 9. O-O Nf6 10. b3 cxb3 11. axb3 O-O 12. Be3 Nc6 13. Nbd2 Bh5 14. Rfe1 Re8
15. h3 Bd6 16. Qf1 Bc7 17. Bg5 Qd6 18. Rxe8+ Rxe8 19. Re1 Re7 20. Rxe7 Qxe7 21.
Qb1 Bg6 22. Bxg6 hxg6 23. Kf1 Qe6 24. Bxf6 gxf6 25. Ne1 Ne7 26. Nd3 Qc6 27. Qc2
a5 28. Ke2 Nf5 29. Kd1 b5 30. g4 Nd6 31. Nc5 Bb6 32. b4 a4 33. Qd3 f5 34. Kc2
fxg4 35. hxg4 Nc4 36. Nxc4 dxc4 37. Qe4 Qc8 38. Kb2 Qd8 39. Ka3 Qg5 40. f4 Qxg4
41. Qe8+ Kg7 42. Qxb5 Qd1 43. Qxc4 Qa1+ 44. Qa2 Qxc3+ 45. Kxa4 Qxd4 46. Kb5
Bxc5 47. bxc5 Qxf4 48. c6 Qb8+ 49. Kc5 Qe5+ 50. Kb6 Qb8+ 51. Kc5 Qe5+ 52. Kb6
1/2-1/2

[Event "USCL Week 5"]
[Site "Internet Chess Club"]
[Date "2011.09.26"]
[Round "?"]
[White "Pelaez, Jorge"]
[Black "Mateer, Amanda"]
[Result "1-0"]
[WhiteElo "2264"]
[BlackElo "2132"]
[PlyCount "83"]
[EventDate "2011.??.??"]

1. Nf3 c5 2. c4 e6 3. g3 Nf6 4. Bg2 d5 5. O-O Nc6 6. cxd5 exd5 7. d4 Bg4 8. Ne5
Be6 9. Nxc6 bxc6 10. Nc3 cxd4 11. Qxd4 Qb6 12. Qxb6 axb6 13. e4 Bb4 14. exd5
Nxd5 15. Nxd5 cxd5 16. Rd1 Rd8 17. Be3 Bc5 18. Bd4 O-O 19. a3 Rd6 20. Rac1 Rc8
21. Be5 Rdd8 22. b4 Be7 23. Bc7 Rxc7 24. Rxc7 Kf8 25. Rc6 d4 26. Be4 b5 27. Rb6
Bb3 28. Rd2 Ba4 29. Bc6 Rd6 30. Rb8+ Bd8 31. Bxb5 Bb3 32. a4 Ke7 33. Rb7+ Kf6
34. Rd7 Rxd7 35. Bxd7 Ke5 36. a5 Bc4 37. Rc2 Bd5 38. Rc8 Be7 39. b5 h5 40. b6
d3 41. Ba4 d2 42. a6 1-0

[Event "USCL Week 5"]
[Site "Internet Chess Club"]
[Date "2011.09.26"]
[Round "?"]
[White "Chirila, Cristian"]
[Black "Khachiyan, Melikset"]
[Result "0-1"]
[WhiteElo "2565"]
[BlackElo "2563"]
[PlyCount "68"]
[EventDate "2011.??.??"]

1. e4 e5 2. Nf3 Nc6 3. Bb5 f5 4. d3 fxe4 5. dxe4 Nf6 6. Bg5 Bc5 7. O-O d6 8.
Nc3 O-O 9. Nd5 Kh8 10. Nh4 Nd4 11. Bc4 b5 12. Bd3 c6 13. Nxf6 gxf6 14. Bh6 Rg8
15. Kh1 f5 16. Nxf5 Bxf5 17. exf5 e4 18. Be2 Nxf5 19. Bf4 Qf6 20. c3 Rxg2 21.
Kxg2 Nh4+ 22. Kh1 Qxf4 23. Bh5 Rf8 24. Qg4 Bxf2 25. Qxf4 Rxf4 26. Be8 e3 27.
Rae1 Nf3 28. Re2 Ne5 29. Rd1 d5 30. Kg2 Rg4+ 31. Kh1 Kg7 32. Rf1 Kh6 33. Rfxf2
exf2 34. Rxf2 Rg8 0-1

[Event "USCL Week 5"]
[Site "Internet Chess Club"]
[Date "2011.09.26"]
[Round "?"]
[White "Amanov, Zhanibek"]
[Black "Bercys, Salvijus"]
[Result "1-0"]
[WhiteElo "2472"]
[BlackElo "2576"]
[PlyCount "75"]
[EventDate "2011.??.??"]

1. c4 g6 2. Nc3 Bg7 3. g3 c5 4. Bg2 Nc6 5. Nf3 e5 6. a3 d6 7. Rb1 a5 8. d3 Nge7
9. h4 h6 10. Bd2 Be6 11. Qc1 f5 12. e4 Rb8 13. Nd5 Bf7 14. Bh3 b5 15. b3 Nxd5
16. cxd5 Ne7 17. O-O Qb6 18. Bg2 Kf8 19. Be3 Qa6 20. Nd2 Kg8 21. a4 Kh7 22.
axb5 Rxb5 23. Nc4 Rhb8 24. Ra1 Nc8 25. Ra2 Be8 26. Qc2 Rxb3 27. Nxa5 Qxd3 28.
Nxb3 Qxc2 29. Rxc2 Rxb3 30. Ra1 Nb6 31. Ra7 Ba4 32. Rc1 Bd7 33. Rca1 f4 34. Bc1
f3 35. Bf1 Kg8 36. Rb7 Bc8 37. Rxb6 Rxb6 38. Ra8 1-0

[Event "USCL Week 5"]
[Site "Internet Chess Club"]
[Date "2011.09.26"]
[Round "?"]
[White "Vaidya, Chaitanya"]
[Black "Abrahamyan, Tatev"]
[Result "1/2-1/2"]
[WhiteElo "2333"]
[BlackElo "2415"]
[PlyCount "115"]
[EventDate "2011.??.??"]

1. d4 Nf6 2. c4 g6 3. Nc3 Bg7 4. e4 d6 5. f3 O-O 6. Be3 Nc6 7. Nge2 a6 8. Qd2
Rb8 9. h4 h5 10. Nd5 b5 11. Bh6 bxc4 12. Bxg7 Kxg7 13. Nxf6 exf6 14. Nc3 Na5
15. O-O-O c6 16. Be2 Bd7 17. g4 hxg4 18. fxg4 Qe7 19. Qf4 Rh8 20. Rdf1 Rh7 21.
Rh2 Rbh8 22. h5 g5 23. Qd2 Rh6 24. Rhf2 f5 25. Rxf5 Bxf5 26. Rxf5 Nb7 27. Rxg5+
Kf8 28. Bxc4 a5 29. e5 d5 30. Be2 Nd8 31. Rf5 Ne6 32. a3 Qa7 33. g5 Nxd4 34.
Qf4 Nxf5 35. Qxf5 Qe3+ 36. Kb1 Rxh5 37. Bxh5 Rxh5 38. Qc8+ Kg7 39. Qxc6 Qd3+
40. Ka1 Rh1+ 41. Ka2 Qc4+ 42. Qxc4 dxc4 43. Ne4 Re1 44. Nd6 Rxe5 45. Nxc4 Rxg5
46. Kb3 Rd5 47. Kc3 Kg6 48. b4 axb4+ 49. axb4 f5 50. Ne3 Rd8 51. Ng2 Kg5 52. b5
f4 53. Ne1 Kg4 54. Kc4 f3 55. Nxf3 Kxf3 56. b6 Rb8 57. Kc5 Rxb6 58. Kxb6
1/2-1/2

[Event "USCL Week 5"]
[Site "Internet Chess Club"]
[Date "2011.09.26"]
[Round "?"]
[White "Lu, Albert"]
[Black "Labedz, Patrycja"]
[Result "1-0"]
[WhiteElo "2086"]
[BlackElo "2141"]
[PlyCount "83"]
[EventDate "2011.??.??"]

1. d4 d5 2. c4 c6 3. Nc3 Nf6 4. Nf3 dxc4 5. a4 Bf5 6. Nh4 Bg6 7. Nxg6 hxg6 8.
e3 e6 9. Bxc4 Bb4 10. O-O Nbd7 11. Qb3 a5 12. h3 g5 13. f3 Nb6 14. Bd3 Bd6 15.
Ne2 Qc7 16. e4 Bh2+ 17. Kh1 Bf4 18. d5 exd5 19. Nxf4 gxf4 20. exd5 Nbxd5 21.
Re1+ Kf8 22. Bd2 Qd7 23. Kh2 b6 24. Rad1 Qc7 25. Bc4 Rd8 26. Bc1 g5 27. Bxd5
cxd5 28. Rd4 Kg7 29. Bd2 Qc5 30. Bc3 Kg6 31. Qc2+ Kh6 32. Qf5 Rd6 33. Rdd1 d4
34. Re5 Qc4 35. Qxg5+ Kh7 36. Qf5+ Kg7 37. Qxf4 Nh5 38. Rg5+ Kh6 39. Qxd6+ Kxg5
40. Qe5+ Kg6 41. Rxd4 Qc8 42. Rg4+ 1-0

[Event "USCL Week 5"]
[Site "Internet Chess Club"]
[Date "2011.09.28"]
[Round "?"]
[White "Pressman, Leif"]
[Black "Mandizha, Farai"]
[Result "1/2-1/2"]
[WhiteElo "2381"]
[BlackElo "2494"]
[PlyCount "58"]
[EventDate "2011.??.??"]

1. d4 Nf6 2. Nc3 c5 3. Nf3 d5 4. dxc5 Nc6 5. e4 d4 6. e5 dxc3 7. Qxd8+ Nxd8 8.
exf6 cxb2 9. Bxb2 exf6 10. Bb5+ Bd7 11. Bxd7+ Kxd7 12. O-O-O+ Kc7 13. Ba3 Ne6
14. Rd5 Be7 15. Rhd1 Rad8 16. c4 Nf4 17. Kc2 Nxd5 18. cxd5 Kd7 19. c6+ bxc6 20.
dxc6+ Kxc6 21. Bxe7 Rxd1 22. Kxd1 Rb8 23. a3 Kd5 24. Bb4 Kc4 25. Kc2 Rc8 26. h4
h5 27. g3 Re8 28. Nd2+ Kb5 29. Kd3 Rd8+ 1/2-1/2

[Event "USCL Week 5"]
[Site "Internet Chess Club"]
[Date "2011.09.28"]
[Round "?"]
[White "Bonin, Jay"]
[Black "Foisor, Sabina"]
[Result "1-0"]
[WhiteElo "2438"]
[BlackElo "2416"]
[PlyCount "89"]
[EventDate "2011.??.??"]

1. d4 d5 2. Bg5 Bf5 3. c4 h6 4. Bh4 c6 5. Nc3 g5 6. Bg3 Nf6 7. e3 Bg7 8. Qb3
Qb6 9. c5 Qxb3 10. axb3 Nbd7 11. b4 O-O 12. h4 Nh5 13. Bc7 g4 14. Kd2 Rfc8 15.
Bh2 e5 16. Bd3 Bxd3 17. Kxd3 f5 18. Nge2 b6 19. cxb6 axb6 20. b5 cxb5 21. Nxd5
Kf7 22. Nec3 exd4 23. exd4 Rd8 24. Bc7 Rxa1 25. Rxa1 Re8 26. Nxb5 Kg6 27. Nf4+
Nxf4+ 28. Bxf4 Nf6 29. Be5 Ne4 30. h5+ Kxh5 31. Bxg7 Nxf2+ 32. Kd2 f4 33. Nc3
g3 34. Be5 Kg4 35. Ra7 Rf8 36. Rg7+ Kf5 37. Nd5 Rd8 38. Nxf4 Ng4 39. Nd3 h5 40.
Bxg3 Rxd4 41. Kc3 Re4 42. Rf7+ Kg6 43. Rf4 Re2 44. Rxg4+ hxg4 45. Nf4+ 1-0

[Event "USCL Week 5"]
[Site "Internet Chess Club"]
[Date "2011.09.28"]
[Round "?"]
[White "Defibaugh, Jared"]
[Black "Fisher, William"]
[Result "0-1"]
[WhiteElo "2363"]
[BlackElo "2369"]
[PlyCount "100"]
[EventDate "2011.??.??"]

1. e4 c5 2. d3 e6 3. f4 d5 4. Be2 Nc6 5. Nf3 Nf6 6. e5 Nd7 7. O-O Be7 8. c4 O-O
9. Nc3 Nb6 10. b3 Qc7 11. Qe1 Rd8 12. Qg3 a6 13. Bb2 f5 14. Kh1 d4 15. Nd1 Bd7
16. Qh3 Be8 17. g4 Bg6 18. Nf2 Nb4 19. Rfc1 fxg4 20. Qxg4 Qd7 21. a3 Nc6 22.
Rg1 Rf8 23. Ne4 Na5 24. Bd1 Nc6 25. h4 Rf7 26. Nfg5 Bxg5 27. Nxg5 Bxd3 28. Nxf7
Qxf7 29. Qg3 Be4+ 30. Kh2 Ne7 31. Bg4 Nf5 32. Bxf5 Bxf5 33. Rad1 Rf8 34. Rd2
Nc8 35. b4 b6 36. a4 Qc7 37. bxc5 bxc5 38. Ba3 Rf7 39. Rdg2 Be4 40. Re2 Bg6 41.
Qg5 Nb6 42. Qg3 Nxc4 43. Rc1 Nxa3 44. Qxa3 d3 45. Rxc5 Qxc5 46. Qxc5 dxe2 47.
Qe3 Bh5 48. Kg3 Rd7 49. Kg2 Rd1 50. Qb3 h6 0-1

[Event "USCL Week 5"]
[Site "Internet Chess Club"]
[Date "2011.09.28"]
[Round "?"]
[White "Vojinovic, Goran"]
[Black "Gurevich, Dmitry"]
[Result "0-1"]
[WhiteElo "2567"]
[BlackElo "2547"]
[PlyCount "58"]
[EventDate "2011.??.??"]

1. d4 Nf6 2. Nf3 e6 3. c4 d5 4. Nc3 Be7 5. Bg5 h6 6. Bh4 O-O 7. e3 b6 8. Rc1
Bb7 9. Bxf6 Bxf6 10. cxd5 exd5 11. Be2 Qe7 12. O-O Rd8 13. Rc2 c5 14. Rd2 Nd7
15. Qb1 a6 16. Qf5 Qe6 17. Qf4 b5 18. e4 dxe4 19. d5 Bxd5 20. Nxd5 exf3 21.
Qxf3 Rac8 22. Rfd1 Bd4 23. Qf5 Re8 24. Bd3 g6 25. Qxe6 Rxe6 26. Nf4 Rd6 27. Kf1
Be5 28. Bxb5 Rxd2 29. Rxd2 axb5 0-1

[Event "USCL Week 5"]
[Site "Internet Chess Club"]
[Date "2011.09.28"]
[Round "?"]
[White "Kacheishvili, Giorgi"]
[Black "Stripunsky, Alex"]
[Result "1/2-1/2"]
[WhiteElo "2653"]
[BlackElo "2694"]
[PlyCount "125"]
[EventDate "2011.??.??"]

1. d4 d5 2. c4 c6 3. Nf3 Nf6 4. Nc3 e6 5. Bg5 Be7 6. e3 O-O 7. Qc2 Nbd7 8. Rd1
a6 9. h3 b6 10. Bd3 Bb7 11. O-O h6 12. Bf4 dxc4 13. Bxc4 b5 14. Bd3 Rc8 15. e4
b4 16. Na4 c5 17. Qe2 Qa5 18. b3 cxd4 19. e5 Bxf3 20. gxf3 Nh5 21. Bh2 Nc5 22.
Nxc5 Rxc5 23. Bc4 g6 24. Rxd4 Ng7 25. Rfd1 Nf5 26. Rd7 Rc7 27. Bxa6 Rxd7 28.
Rxd7 Rd8 29. Rxd8+ Bxd8 30. Bb7 Nd4 31. Qd2 Qc5 32. Bf4 Bc7 33. Be3 Bxe5 34.
Bxh6 Qb5 35. Be4 f5 36. Ba8 Qa6 37. Be3 Qd6 38. f4 Bf6 39. Kg2 Kh7 40. Qd3 Qd8
41. Bb7 Bg7 42. Qc4 Qd6 43. Qa6 Qc7 44. Ba8 Qc2 45. Qc4 Qxa2 46. Bxd4 Qxa8+ 47.
Kf1 Qh1+ 48. Ke2 Qe4+ 49. Be3 Qxc4+ 50. bxc4 Kg8 51. Kd3 b3 52. Bc5 Kf7 53. Bd6
Bd4 54. f3 b2 55. Kc2 Kf6 56. Ba3 Be3 57. Bxb2+ Ke7 58. Bc1 Bc5 59. Kd3 Kd7 60.
Be3 Bd6 61. Kd4 Kc6 62. Bc1 Bc7 63. Bd2 1/2-1/2

[Event "USCL Week 5"]
[Site "Internet Chess Club"]
[Date "2011.09.28"]
[Round "?"]
[White "Young, Angelo"]
[Black "Eckert, Doug"]
[Result "1-0"]
[WhiteElo "2415"]
[BlackElo "2240"]
[PlyCount "79"]
[EventDate "2011.??.??"]

1. Nf3 Nf6 2. d4 g6 3. Bf4 Bg7 4. e3 d6 5. Be2 O-O 6. h3 Nbd7 7. O-O Ne4 8. Bh2
f5 9. Nbd2 Nxd2 10. Qxd2 e5 11. dxe5 Nxe5 12. Nxe5 dxe5 13. Qb4 Qf6 14. Rad1
Kh8 15. c3 b6 16. Qc4 c5 17. Bf3 e4 18. Be2 Be6 19. Qa4 Qf7 20. Rd6 Rad8 21.
Rfd1 Rxd6 22. Rxd6 Qe7 23. Qc6 Bc8 24. Bc4 Rd8 25. Qd5 Re8 26. Bb5 Rf8 27. Bd7
Ba6 28. Re6 Qd8 29. Be5 Bc4 30. Bxg7+ Kxg7 31. Qe5+ Kh6 32. Rd6 Qg5 33. g3 Rf7
34. Be8 Qe7 35. Qf4+ Kg7 36. Bxf7 Bxf7 37. Rc6 Qd7 38. Qe5+ Kh6 39. Rd6 Qb5 40.
Qxf5 1-0

[Event "USCL Week 5"]
[Site "Internet Chess Club"]
[Date "2011.09.28"]
[Round "?"]
[White "Erenburg, Sergey"]
[Black "Kaufman, Larry"]
[Result "1-0"]
[WhiteElo "2679"]
[BlackElo "2467"]
[PlyCount "101"]
[EventDate "2011.??.??"]

1. e4 e5 2. Nf3 Nc6 3. Bb5 a6 4. Ba4 Nf6 5. O-O Be7 6. d3 b5 7. Bb3 d6 8. a4
Bd7 9. Nc3 Na5 10. Ba2 b4 11. Ne2 c5 12. Ng3 O-O 13. Nh4 b3 14. cxb3 Nc6 15. b4
Nxb4 16. Bc4 Nc6 17. Nhf5 Nd4 18. Nxd4 exd4 19. Bg5 Ng4 20. Bf4 Ne5 21. Bxe5
dxe5 22. Qh5 Bg5 23. Ne2 g6 24. Qf3 Qf6 25. Qxf6 Bxf6 26. Nc1 Be7 27. Nb3 Rab8
28. Ra2 Rb4 29. Nd2 Bxa4 30. Bxa6 Rfb8 31. Rfa1 Bb3 32. Nxb3 Rxb3 33. Rb1 Rc3
34. Bc4 Rc2 35. g3 Bg5 36. Ra7 Rbxb2 37. Rxb2 Rxb2 38. Rxf7 Kh8 39. Rc7 Bd2 40.
Rxc5 Be1 41. Rc8+ Kg7 42. Rg8+ Kh6 43. Rf8 Bd2 44. Rf7 Bb4 45. h4 Bd6 46. g4
Rb8 47. f3 Rh8 48. Kg2 Bb8 49. Be6 Bd6 50. g5+ Kh5 51. Kh3 1-0

[Event "USCL Week 5"]
[Site "Internet Chess Club"]
[Date "2011.09.28"]
[Round "?"]
[White "Enkhbat, Tegshsuren"]
[Black "Bartell, Tom"]
[Result "1/2-1/2"]
[WhiteElo "2426"]
[BlackElo "2405"]
[PlyCount "107"]
[EventDate "2011.??.??"]

1. d4 Nf6 2. c4 g6 3. Nf3 Bg7 4. g3 d5 5. cxd5 Nxd5 6. Bg2 Nb6 7. Nc3 O-O 8.
O-O Nc6 9. d5 Na5 10. e4 c6 11. Nd4 cxd5 12. exd5 Nac4 13. b3 Nd6 14. a4 Nf5
15. Nde2 e6 16. dxe6 Bxe6 17. Ba3 Re8 18. Rb1 Rc8 19. Bb4 Nd7 20. Nd5 Bxd5 21.
Bxd5 Nf6 22. Bf3 Qb6 23. Bc3 Rxe2 24. Bxf6 Rxf2 25. Rxf2 Bxf6 26. a5 Qxa5 27.
Kh1 Qb6 28. Rd2 h5 29. Rd7 Ne3 30. Qd6 Qxd6 31. Rxd6 Kg7 32. Rd7 Rc2 33. Rd3
Nf5 34. Bxb7 h4 35. g4 Nd4 36. Rbd1 Ne6 37. R3d2 Rc3 38. Bd5 Ng5 39. Rf1 Be5
40. Bxf7 h3 41. Bc4 a5 42. Bd5 Rc5 43. Bc4 a4 44. Rd5 Rxd5 45. Bxd5 a3 46. b4
Ne4 47. Rf7+ Kh6 48. Ra7 Nf2+ 49. Kg1 Bd4 50. Rxa3 Nxg4+ 51. Kf1 Ne3+ 52. Rxe3
Bxe3 53. Be6 Bf4 54. Bxh3 1/2-1/2

[Event "USCL Week 5"]
[Site "Internet Chess Club"]
[Date "2011.09.28"]
[Round "?"]
[White "Karlow, Nick"]
[Black "Schmakel, Sam"]
[Result "0-1"]
[WhiteElo "2068"]
[BlackElo "2190"]
[PlyCount "114"]
[EventDate "2011.??.??"]

1. Nf3 Nf6 2. c4 c6 3. g3 d5 4. Qc2 dxc4 5. Qxc4 Bf5 6. Bg2 Nbd7 7. O-O e6 8.
d3 Be7 9. Nbd2 O-O 10. a3 Rc8 11. b3 b5 12. Qc2 c5 13. Bb2 Qb6 14. Rac1 Bg6 15.
Qb1 Nd5 16. Rc2 a5 17. Rfc1 Qa6 18. Qa1 f6 19. Bh3 Bf7 20. Ne4 a4 21. bxa4 Qxa4
22. Bd4 c4 23. dxc4 bxc4 24. Nc3 Nxc3 25. Rxc3 e5 26. Be3 Rc7 27. Nd2 Rfc8 28.
Qb2 g6 29. Qc2 Qxc2 30. R1xc2 f5 31. f3 Ra8 32. Bf2 Rxa3 33. Rxa3 Bxa3 34. e4
c3 35. Nb1 Bb4 36. Be1 fxe4 37. fxe4 Bb3 38. Rxc3 Bxc3 39. Nxc3 Kf7 40. Kf2 Nf6
41. Ke3 Be6 42. Nb5 Rd7 43. Bxe6+ Kxe6 44. h3 Rd1 45. Ke2 Rb1 46. Nc3 Rb4 47.
Kd3 g5 48. Bd2 g4 49. h4 Rd4+ 50. Ke3 h5 51. Be1 Kd7 52. Bd2 Kc6 53. Bc1 Kc5
54. Ba3+ Kc4 55. Be7 Rd3+ 56. Kf2 Kxc3 57. Bxf6 Rf3+ 0-1

[Event "USCL Week 5"]
[Site "Internet Chess Club"]
[Date "2011.09.28"]
[Round "?"]
[White "Mikhailuk, Slava"]
[Black "Naroditsky, Daniel"]
[Result "0-1"]
[WhiteElo "2415"]
[BlackElo "2516"]
[PlyCount "76"]
[EventDate "2011.??.??"]

1. c4 g6 2. g3 Bg7 3. Bg2 d6 4. Nc3 Nf6 5. e3 O-O 6. Nge2 c5 7. O-O Nc6 8. d4
Bd7 9. h3 a6 10. b3 Rb8 11. Bb2 Qc8 12. Kh2 b5 13. d5 Na5 14. cxb5 axb5 15. Qc1
b4 16. Nd1 Qa6 17. Re1 Bb5 18. Qd2 Rfc8 19. e4 Bxe2 20. Rxe2 c4 21. bxc4 Nxc4
22. Qd3 Qb6 23. Bxf6 Bxf6 24. Rc1 Na3 25. Rxc8+ Rxc8 26. f4 Qd4 27. Qxd4 Bxd4
28. Rd2 Bg7 29. Nf2 Nb1 30. Rd1 Nc3 31. Rd2 Ra8 32. Nd3 Rxa2 33. Rxa2 Nxa2 34.
Bf3 b3 35. Bd1 Nc1 36. Nf2 b2 37. Bc2 Ne2 38. Nd3 Nd4 0-1